|
|
|
|
| LEADER |
01250cam a22003251a 4500 |
| 001 |
000036159 |
| 003 |
12452 |
| 005 |
20160328000000.0 |
| 008 |
160328s2011 vm 000 vie |
| 020 |
|
|
|a 978-604-70-0082-1
|
| 041 |
|
|
|a vie
|
| 082 |
|
|
|a 398.2
|b SƯ-N
|
| 245 |
|
|
|a Lễ Hội Lịch Sử Ở Đồng Bằng Và Trung Du Bắc Bộ
|
| 260 |
|
|
|a Dân Tộc
|c 2011
|
| 300 |
|
|
|a 215tr. : mh :20cm
|
| 650 |
|
|
|a Lễ Hội Lịch Sử Ở Đồng Bằng Và Trung Du Bắc Bộ,Lễ Hội, Lịch Sử , Đồng Bằng , Trung Du Bắc Bộ,Lê Hồng Lý,2011
|
| 852 |
|
|
|b Chuyên đề
|c Ngôn ngữ tiếng Việt 2
|
| OWN |
|
|
|a LNN
|
| AVA |
|
|
|a UDN50
|b LNN
|d 398.2 SƯ-N
|e available
|t Error 5001 Not defined in file expand_doc_bib_avail.
|f 1
|g 0
|h N
|i 0
|k 1
|
| 999 |
|
|
|a From the UDN01
|
| AVA |
|
|
|a UDN50
|b LNN
|d 398.2 SƯ-N
|e available
|t Error 5001 Not defined in file expand_doc_bib_avail.
|f 1
|g 0
|h N
|i 0
|k 1
|
| TYP |
|
|
|a Monograph
|
| TYP |
|
|
|a Printed language
|
| 980 |
|
|
|a Mạng thư viện Đại học Đà Nẵng
|